| 000 | 01086cam a2200301 a 4500 | ||
|---|---|---|---|
| 942 | _cBK | ||
| 999 |
_c546 _d546 |
||
| 001 | 1602756 | ||
| 003 | OSt | ||
| 005 | 20250420134815.0 | ||
| 008 | 940317s1994 maua b 001 0 eng | ||
| 010 | _a 94132234 | ||
| 020 | _a9780674789951 | ||
| 040 |
_aDLC _cKCST |
||
| 043 |
_an-us--- _ae-uk--- _ae-gx--- |
||
| 050 | 0 | 0 |
_aHD2356.U5 _bC44 1994 |
| 082 |
_a338.64409 _bCh Sc |
||
| 100 | 1 |
_aChandler, Alfred D. _q(Alfred Dupont), _d1918-2007. _94881 |
|
| 245 | 1 | 0 |
_aScale and scope : _bthe dynamics of industrial capitalism / _cAlfred D. Chandler, Jr. with the assistance of Takashi Hikino. |
| 250 |
_a1st Harvard University Press pbk. ed. _b7th printing 2004. |
||
| 260 |
_aCambridge, Mass. : _bBelknap Press, _c1994. |
||
| 300 |
_axviii, 760 p. : _bill. ; _c25 cm. |
||
| 504 | _aIncludes bibliographical references (p. [631]-732) and index. | ||
| 650 | 0 |
_aBig business _zUnited States _xHistory. _94882 |
|
| 650 | 0 |
_aBig business _zGreat Britain _xHistory. _94883 |
|
| 650 | 0 |
_aBig business _zGermany _xHistory. _94884 |
|
| 700 | 1 |
_aHikino, Takashi. _94885 |
|
| 942 | _2ddc | ||